Carregant...
Republic of hunger: and other essays
| Autor principal: | |
|---|---|
| Format: | Printed Book |
| Publicat: |
Haryana
Three essays
2007
|
| Matèries: |
| LEADER | 00498nam a22001337a 4500 | ||
|---|---|---|---|
| 020 | |a 8188789488 | ||
| 100 | |a Utsa Patnaik | ||
| 245 | |a Republic of hunger: and other essays | ||
| 260 | |a Haryana |b Three essays |c 2007 | ||
| 300 | |a 232p | ||
| 650 | |a Ideology of overpopulation, Peasant resistance to globalisation, Agrarian crisis | ||
| 942 | |c BK | ||
| 999 | |c 290152 |d 290152 | ||
| 952 | |0 0 |1 0 |4 0 |6 338_190000000000000_UTS_R |7 0 |9 330302 |a HIS |b HIS |c ST1 |d 2016-07-02 |i 23322 |l 0 |o 338.19 UTS/R |p HIS23322 |r 2018-08-23 |w 2018-08-23 |y BK | ||